00832nam a22002297a 450000500170000000800410001702000180005804000070007604100080008308200200009110000160011124500390012726000450016630000220021136500620023352001770029565000200047265000220049265000290051465000340054370000250057720260202145423.0250109b ||||| |||| 00| 0 eng d a9788197452345 cAL aeng 223a581.6bSWAB aB G L Swamy aHasuru Honnub: When Green is Gold aMangalurubDVG Balaga Prathisthanac2024 a466pbPBc22x14cm 2BotanyaBLCR-000062b480.00c₹d600.00e₹f07-01-2025 aHasuru Honnu[1] ("Green Gold") is a botanical/autobiographical novel by B. G. L. Swamy. This book won him the Kendra Sahitya Academy award given by the Government of India. aBotanical Novel aBotanical Fiction aAutobiographical Fiction aTranslated Kannada to English aNatarajan, Jyothi Tr